000 00848cam a22002533a 4500
001 30207
003 PGUSA
005 20140828083643.0
008 091006s2009||||xxu|||||s|||||000 1 eng d
040 _aPGUSA
_beng
042 _adc
050 4 _aBL
100 1 _aGardener, Helen H.
_q(Helen Hamilton),
_d1853-1925
245 1 0 _aMen, Women, and Gods :
_bAnd Other Lectures
_h[electronic resource] /
_cHelen H. Gardener
260 _bProject Gutenberg,
_c2009
505 0 _aI. Men, women, and gods -- II. Vicarious atonement -- III. Historical facts and theological fictions -- Appendix.
506 _aPublic domain in the USA.
516 _aElectronic text
653 _aFree thought
700 1 _aIngersoll, Robert Green,
_d1833-1899
830 0 _aProject Gutenberg
_v30207
856 4 0 _uhttp://www.gutenberg.org/ebooks/30207
942 _cEB
999 _c259462
_d259462